Defensa del general Jáudenes (Record no. 164455)

MARC details
000 -LEADER
campo de control de longitud fija 01056nam a22002055i 4500
001 - NÚMERO DE CONTROL
campo de control 164455
003 - IDENTIFICADOR DE NÚMERO DE CONTROL
campo de control ES-MaACL
005 - FECHA Y HORA DE LA ÚLTIMA TRANSACCIÓN
campo de control 20230906212936.0
008 - DATOS DE LONGITUD FIJA--INFORMACIÓN GENERAL
campo de control de longitud fija 010802s1899 sp ae |||| | spa d
100 1# - ENTRADA PRINCIPAL--NOMBRE DE PERSONA
Nombre de persona Salinas y Angulo, Ignacio.
9 (RLIN) 101954
245 10 - MENCIÓN DEL TÍTULO
Título Defensa del general Jáudenes
Resto del título : leída el 29 de septiembre de 1899 ante el Consejo Supremo de Guerra y Marina, reunido en Sala de Justicia /
Mención de responsabilidad, etc. hecha por Ignacio Salas y Angulo.
260 ## - PUBLICACIÓN, DISTRIBUCIÓN, ETC.
Lugar de publicación, distribución, etc. Madrid :
Nombre del editor, distribuidor, etc. [s.n.],
Fecha de publicación, distribución, etc. 1899 (
Fabricante Imp. y Lit. del Depósito de la Guerra)
300 ## - DESCRIPCIÓN FÍSICA
Extensión 96 p., [3] h. de planos ;
Dimensiones 25 cm.
530 ## - NOTA DISPONIBLE DE FORMULARIO FÍSICO ADICIONAL
Nota de formato físico adicional disponible Disponible en formato digital.
600 14 - PUNTO DE ACCESO ADICIONAL DE MATERIA--NOMBRE DE PERSONA
Nombre de persona Jáudenes y Álvarez, Fermín.
9 (RLIN) 171500
651 #4 - PUNTO DE ACCESO ADICIONAL DE MATERIA--NOMBRE GEOGRÁFICO
Nombre geográfico Filipinas-
Subdivisión general Historia-
Subdivisión cronológica 1896-1898, Insurrección.
9 (RLIN) 155351
852 ## - LOCALIZACIÓN
Ubicación ES-MaACL
Número de control de estantería T-925-F-2
Nota libre - Enc. hol., conservando la enc. original
-- - Enc. en un vol. facticio
852 ## - LOCALIZACIÓN
Ubicación ES-MaACL
Número de control de estantería T-1089-F-4
Nota libre - Enc. hol., conservando la enc. original
-- - Enc. en un vol. facticio
856 ## - LOCALIZACIÓN Y ACCESO ELECTRÓNICOS
Identificador Uniforme de Recursos <a href="http://bdh-rd.bne.es/viewer.vm?id=0000077785&page=1 ">http://bdh-rd.bne.es/viewer.vm?id=0000077785&page=1 </a>
Nota pública Biblioteca Digital Hispánica
Holdings
Estatus retirado Estado de pérdida Estado de daño No para préstamo Colección Biblioteca de origen Biblioteca actual Ubicación en estantería Fecha de adquisición Total de préstamos Signatura topográfica completa Código de barras Visto por última vez Precio de reemplazo Tipo de ítem Koha
        Colección de folletos Biblioteca del Ateneo de Madrid Biblioteca del Ateneo de Madrid Depósito folletos 17/01/2008   T-1089-F-4 1172383 23/02/2023 23/02/2023 Folleto
        Colección de folletos Biblioteca del Ateneo de Madrid Biblioteca del Ateneo de Madrid Depósito folletos 17/01/2008   T-925-F-2 1172382 23/02/2023 23/02/2023 Folleto